000
00311nam a2200133Ia 4500
008
231129s1976||||xx |||||||||||||| ||spa||
040
_b
spa
082
_a
Co861 C962e
100
_a
Cubillos Hernan
245
0
_a
Espejismos
260
_c
1976
264
_a
Imprenta Departamental de Caldas
942
_2
ddc
_c
BKS
999
_c
13440
_d
13440